| 000 | 00877cam a2200157ua 4500 | ||
|---|---|---|---|
| 041 |
_aeng _h |
||
| 082 |
_a624.131 _bIND/ME |
||
| 110 | 1 |
_aIndian standards institution . _bISI _c() |
|
| 245 | _aMethods of test for soils, 2720-1973 | ||
| 250 |
_a1 / _b. |
||
| 260 |
_aNew Delhi : _bIndian Standards Institution , _c1984. |
||
| 300 | _a17 ; . | ||
| 504 | _a | ||
| 942 | _cBK | ||
| 999 |
_c5904 _d5904 |
||